000 00354nam a2200121Ia 4500
005 20260326100044.0
008 260326s9999||||xx |||||||||||||| ||und||
100 _aKidder Smith, G.E.
245 0 _aItaly Builds :
_b Its Modern Architecture and native inheritance /
_cG.E. Kidder Smith
260 _bReinhold
650 _aARQUITECTURA REGIONAL
942 _cBK
999 _c7106
_d7106